01301 2200253 4500001002100000005001500021035002000036008004100056020001800097041000800115082000800123084001400131100002200145245005200167260004700219300002900266500002000295520060200315650002500917650002700942650002600969990002600995990002601021INLIS00000000000436820221112013812 a0010-0520004368221112 | | eng  a0-7668-6240-2 aeng a808 a808 PUT l0 aPutman, William H1 aLegal Analysis and Writing /cWilliam H. Putman aNew York :bThomson Delmar Learning,c2003 axvii, 494 p. ;c27,5 cm. aIndeks : Indeks aWhile many texts fail to cover the specific hows of legal analysis and writing such as: how to determine if a case is on point, how to identify the issue, how to state the issue, and how to conduct counteranalysis and incorporate it in an interoffice memorandum of law, this book stresses application through many examples in each chapter that illustrate key concepts and principles, and explains the elements, techniques, and specific considerations involved in the process. The book is national in scope, and is an invaluable reference to practicing legal assistants and first year law students. 4a1. Legal Composition 4a2. Law - United States 4a3. Legal Construction a07670/MKRI-P/XII-2007 a07670/MKRI-P/XII-2007